Famous "osu!" Players - Statistics

General Stats
  • This quiz has been taken 465 times
  • The average score is 19 of 30
Answer Stats
Hint Answer % Correct
Was #1 for a long time, well-known for his Freedom Dive HDHR FC. Cookiezi
96%
#1 osu! player in the world at the time of making this quiz. German with a cat as his mascot. WhiteCat
96%
Top content creator. Known for his plays on Raise My Sword with HR, Honesty, etc. American OWC Player. BeasttrollMC
94%
Australian 14-year-old osu! player. Currently #2 at the time of this quiz. mrekk
91%
Farm mapper, mapped songs such as Raise My Sword, Songs Compilation, etc. Sotarks
90%
First player to hit a 1,000pp play. The map was Tsukinami. Vaxei
88%
The man who single-handedly created osu!, and continues to develop it today. peppy
85%
Polish top osu! player, known for his plays in OWC as well as DT. Rafis
84%
South Korean osu! player known for his skin as well as his aim ability. His mascot is a flying fish. FlyingTuna
77%
Romanian osu! player known for his aim consistency and tournament playstyle. Set the PP record on C TYPE with HDDTFL. Showed his face at COE 2019. badeu
75%
Canadian speed player. FC'ed the short version of Ange du Blanc Pur with HDDT, as well as set a 1,400pp choke on Mou Ii Kai. Merami
71%
One of the longest-playing osu! players. Polish, specializes in old maps, and is known for his plays on Galaxy Collapse, Lyoshka, Bylas dla mnie wszystkim, and even The Big Black. WubWoofWolf
69%
Known for his Flashlight plays as well as his low-quality setup. Lives in Morocco. FGSky
67%
Asian-Canadian speed/DT player known for his plays on Anime Ban with HDDT (727pp), Goodbye, and his maps. RyuK
65%
Mapper from Brazil who mapped The Big Black, Can't Defeat Airman, pensamento típico de esquerda caviar, and other notorious maps. Blue Dragon
63%
Mapper, player, and Tetris professional. Known for mapping Everything will freeze, setting insane gimmick scores, and playing Tetris. Ekoro
63%
Japanese osu! player who has since decayed, but was #1 in 2014. Known for mapping the original "Exit This Earth's Atomosphere" as well as his plays on pensamento típico de esquerda caviar, The Big Black SS, and many others. rrtyui
62%
Top UK player at the time of this quiz. 27 years old, left-handed stream player. Set the first 900pp play on Honesty with HDHR, as well as recently sniped Cookiezi's score on Blue Zenith with HDHR. Karthy
59%
Known for being an OWC player for the US, as well as one of the biggest derankers of all time. DigitalHypno
53%
Old Taiwanese osu! player. Cookiezi once labeled him as "The true #1". Known for his plays with DT such as Remote Control. Has since stopped playing and disappeared from the leaderboards. hvick225
52%
First player to "complete" osu!, by setting a score on every ranked map. Every. Single. One. xasuma
51%
Russian osu! skinner known for his replay channel on YouTube as well as his skins. CPOL
47%
One of the oldest osu! players. From the UK, is known as a top mouse player as well as for his content creation. Doomsday
43%
Mapper known for his triangle jumps. Has since stopped mapping but is still well-known today. Monstrata
42%
Well-known American mapper and YouTuber. Notorious for his mapping tutorials on YouTube. pishifat
42%
Dutch guy living in America. Well-known for many of his videos and streams such as his "Improvement Month" series. HappyStick
38%
Russian DT player. Known for his aim and plays on Granat, Loose Change, Last Goodbye, Imaginary Places, and more. Alumetri
37%
The host of the annual "COE", alternatively known as the osu! Event. From the Netherlands. cavoeboy
37%
Mexican-American OWC player, known for his ability in tournaments, monster-like consistency, and having a load of badges. Toy
28%
osu! YouTube channel known for its osu! Interviews series as well as osu!Weekly. to the beat!
18%
No matching quizzes found
Score Distribution
Percent of People with Each Score
Percentile by Number Answered
Your Score History
You have not taken this quiz